00261nam a2200097Ia 4500082000800000245002600008100006200034942000700096008004100103999001900144 aGRI 0aReenboog oor Voetpad  a GRIESSEL, Nita Pretoria, 1995 2de uitg 99515 cBK210817s9999 xx 000 0 und d c389375d389374